[Event "NB II. Szechenyi csoport"]
[Site "Szombathely"]
[Date "2023.12.10"]
[Round "3.3"]
[White "Szep, Milan"]
[Black "Ori, Tamas"]
[Result "0-1"]
[WhiteElo "1990"]
[BlackElo "1856"]
[PlyCount "138"]
[EventDate "2023.10.08"]
[EventType "team-tourn"]
[EventRounds "9"]
[EventCountry "HUN"]
[Source "chess.hu"]
[WhiteTeam "Sarvari Sakk Club SE"]
[BlackTeam "Arboretum Hereny SE"]
[WhiteTeamCountry "HUN"]
[BlackTeamCountry "HUN"]

1. e4 e5 2. Nf3 Nf6 3. Nxe5 d6 4. Nf3 Nxe4 5. Be2 d5 6. O-O Bd6 7. c4 Nf6 8. d4
c6 9. Bg5 O-O 10. cxd5 cxd5 11. Nc3 Be7 12. Qb3 Nc6 13. Bxf6 Bxf6 14. Rad1 Ne7
15. Ne5 Rb8 16. f4 Be6 17. g4 g6 18. Rd3 Qc8 19. h3 Bxe5 20. dxe5 d4 21. Qb4
Nc6 22. Qa4 dxc3 23. Rxc3 Qd8 24. f5 Qb6+ 25. Kh2 Qxb2 26. Re3 Bd5 27. Qf4 Kh8
28. Rf2 Qd4 29. Qh6 Nxe5 30. fxg6 Nxg6 31. Bd3 Qg7 32. Qh5 Be6 33. g5 Rbd8 34.
Rf6 Kg8 35. Bxg6 hxg6 36. Qe2 Rd6 37. h4 Rfd8 38. Qf3 Rd2+ 39. Kg3 Bd5 40. Qf1
Qh7 41. Qe1 Rg2+ 42. Kh3 Qh5 43. Re8+ Rxe8 44. Qxe8+ Kg7 45. Rxf7+ Bxf7 46.
Qe5+ Kh7 47. Kxg2 Qg4+ 48. Kh2 Qxh4+ 49. Kg2 Qg4+ 50. Kh2 Qf3 51. a4 Qf2+ 52.
Kh1 Qh4+ 53. Kg1 Qxa4 54. Qh2+ Kg8 55. Qe5 Qd1+ 56. Kf2 Qd5 57. Qb8+ Kg7 58.
Qg3 Qd2+ 59. Kg1 Qd1+ 60. Kf2 Qd4+ 61. Ke1 b5 62. Qb8 b4 63. Qh2 b3 64. Qh6+
Kg8 65. Qh2 Qa1+ 66. Kf2 Qa2+ 67. Kg3 Qxh2+ 68. Kxh2 b2 69. Kg2 b1=Q 0-1

[Event "NB II. Szechenyi csoport"]
[Site "Szombathely"]
[Date "2023.12.10"]
[Round "3.4"]
[White "Gabor, Attila"]
[Black "Porpaczy, Lajos"]
[Result "1/2-1/2"]
[WhiteElo "1771"]
[BlackElo "2101"]
[PlyCount "42"]
[EventDate "2023.10.08"]
[EventType "team-tourn"]
[EventRounds "9"]
[EventCountry "HUN"]
[Source "chess.hu"]
[WhiteTeam "Arboretum Hereny SE"]
[BlackTeam "Sarvari Sakk Club SE"]
[WhiteTeamCountry "HUN"]
[BlackTeamCountry "HUN"]

1. e4 g6 2. d4 Bg7 3. Nf3 c5 4. c3 cxd4 5. cxd4 d5 6. e5 Nc6 7. Nc3 Bg4 8. Be2
Bxf3 9. Bxf3 e6 10. Be3 Nge7 11. O-O a6 12. a3 b5 13. Qd2 Nf5 14. Rac1 Qb6 15.
Rfd1 Na5 16. Qc2 Nc4 17. Rd3 O-O 18. Qe2 Rae8 19. Bg4 Nfxe3 20. fxe3 f6 21.
exf6 Rxf6 1/2-1/2

[Event "NB II. Szechenyi csoport"]
[Site "Szombathely"]
[Date "2023.12.10"]
[Round "3.5"]
[White "Zsiros, Gyorgy"]
[Black "Foki, Robert"]
[Result "1-0"]
[WhiteElo "1952"]
[BlackElo "1650"]
[PlyCount "70"]
[EventDate "2023.10.08"]
[EventType "team-tourn"]
[EventRounds "9"]
[EventCountry "HUN"]
[Source "chess.hu"]
[WhiteTeam "Sarvari Sakk Club SE"]
[BlackTeam "Arboretum Hereny SE"]
[WhiteTeamCountry "HUN"]
[BlackTeamCountry "HUN"]

1. e4 d5 2. exd5 Qxd5 3. Nc3 Qd8 4. Bc4 Nf6 5. Nf3 e6 6. Qe2 Be7 7. O-O O-O 8.
d4 c6 9. Ne4 Nbd7 10. Bd3 c5 11. c3 Kh8 12. Bc2 cxd4 13. Nxd4 Qa5 14. f4 Qh5
15. Rf3 e5 16. Ng3 Qh4 17. Ndf5 Bc5+ 18. Kh1 Qg4 19. h3 Qg6 20. Ne7 Qxc2 21.
Qxc2 exf4 22. Bxf4 Bxe7 23. Nf5 Bc5 24. b4 Bb6 25. Re1 a5 26. Nd6 axb4 27. cxb4
Nd5 28. Nxf7+ Rxf7 29. Re8+ Nf8 30. Bd6 Nf6 31. Rxc8 Rxc8 32. Qxc8 Kg8 33. Bxf8
Rxf8 34. Qe6+ Kh8 35. Qxb6 h6 1-0

[Event "NB II. Szechenyi csoport"]
[Site "Szombathely"]
[Date "2023.12.10"]
[Round "3.7"]
[White "Hadrik, Csaba"]
[Black "Vasenszky, Zoltan Gyorgy"]
[Result "1/2-1/2"]
[WhiteElo "1818"]
[BlackElo "1509"]
[PlyCount "95"]
[EventDate "2023.10.08"]
[EventType "team-tourn"]
[EventRounds "9"]
[EventCountry "HUN"]
[Source "chess.hu"]
[WhiteTeam "Sarvari Sakk Club SE"]
[BlackTeam "Arboretum Hereny SE"]
[WhiteTeamCountry "HUN"]
[BlackTeamCountry "HUN"]

1. d4 d5 2. c4 e6 3. Nc3 Bb4 4. Nf3 Nf6 5. Bg5 dxc4 6. e4 h6 7. Bxf6 gxf6 8.
Bxc4 c5 9. O-O cxd4 10. Nxd4 Nd7 11. Qh5 Ke7 12. Nf5+ Kf8 13. Rad1 Qc7 14. Bb3
Ne5 15. Nb5 Qb6 16. Nxh6 Kg7 17. Rd3 Rxh6 18. Rg3+ Kh7 19. Qe2 Bd7 20. Nc3 Bd6
21. Rd1 Rg8 22. Rxg8 Kxg8 23. Qd2 Bf8 24. h3 Rg6 25. Kh1 Bc6 26. f4 Nd7 27. Bc2
Rg7 28. Kh2 Bc5 29. Na4 Bxa4 30. Bxa4 Nf8 31. Qc3 Nh7 32. g4 Qc7 33. Kg3 Qb6
34. a3 Bf8 35. Kf3 Qc5 36. Qd3 e5 37. b4 Qb6 38. f5 Ng5+ 39. Kg3 Qc7 40. h4 Nh7
41. Bb3 a5 42. bxa5 Qxa5 43. a4 Qc5 44. Kf3 Kh8 45. Qc4 Qe7 46. Qb5 Qc7 47. Bc4
Qc5 48. Qxc5 1/2-1/2

[Event "NB II. Szechenyi csoport"]
[Site "Szombathely"]
[Date "2023.12.10"]
[Round "3.8"]
[White "Jokai, Bence"]
[Black "Gal, Cintia"]
[Result "1-0"]
[WhiteElo "1551"]
[BlackElo "1700"]
[PlyCount "89"]
[EventDate "2023.10.08"]
[EventType "team-tourn"]
[EventRounds "9"]
[EventCountry "HUN"]
[Source "chess.hu"]
[WhiteTeam "Arboretum Hereny SE"]
[BlackTeam "Sarvari Sakk Club SE"]
[WhiteTeamCountry "HUN"]
[BlackTeamCountry "HUN"]

1. e4 e5 2. Nf3 Nc6 3. d4 exd4 4. Nxd4 Qh4 5. Nc3 Bb4 6. Be2 Qxe4 7. Ndb5 Bxc3+
8. bxc3 Kd8 9. O-O a6 10. Bf3 Qg6 11. Bh5 Qf6 12. Nd4 Nge7 13. Nxc6+ Nxc6 14.
Qd5 Ne7 15. Qxf7 Qxf7 16. Bxf7 Rf8 17. Bb3 h6 18. Re1 d6 19. Bb2 g5 20. Rad1
Rf5 21. Re3 Bd7 22. Rde1 Nd5 23. Rh3 Rf6 24. c4 Bxh3 25. cxd5 Rf7 26. gxh3 Kd7
27. Re6 Raf8 28. Bd4 h5 29. Rg6 Rf4 30. Be3 Rf3 31. Kg2 R3f5 32. Rxg5 Rxg5+ 33.
Bxg5 Rf5 34. h4 b5 35. f4 a5 36. a3 c6 37. Kf3 cxd5 38. Ke3 Ke6 39. Kd4 Rf8 40.
Bxd5+ Kd7 41. Be4 b4 42. axb4 axb4 43. Bg6 Rh8 44. Kc4 Rc8+ 45. Kxb4 1-0

[Event "NB II. Szechenyi csoport"]
[Site "Szombathely"]
[Date "2023.12.10"]
[Round "3.9"]
[White "Piri, Tamas"]
[Black "Vasenszky, Kata Sara"]
[Result "1-0"]
[WhiteElo "1622"]
[BlackElo "1144"]
[PlyCount "59"]
[EventDate "2023.10.08"]
[EventType "team-tourn"]
[EventRounds "9"]
[EventCountry "HUN"]
[Source "chess.hu"]
[WhiteTeam "Sarvari Sakk Club SE"]
[BlackTeam "Arboretum Hereny SE"]
[WhiteTeamCountry "HUN"]
[BlackTeamCountry "HUN"]

1. e4 c6 2. e5 d5 3. exd6 exd6 4. d4 Nf6 5. Nf3 d5 6. h3 Bd6 7. Bd3 c5 8. dxc5
Bxc5 9. O-O O-O 10. Nbd2 h6 11. Nb3 Bb6 12. Bf4 Nc6 13. c3 Be6 14. Re1 Qd7 15.
Ne5 Nxe5 16. Bxe5 Qe7 17. Qf3 Nd7 18. Bd4 Bxd4 19. Nxd4 Nc5 20. Bc2 Rad8 21. b4
Na6 22. Qd3 g6 23. Nxe6 fxe6 24. Qxg6+ Qg7 25. Rxe6 Nc7 26. Qxg7+ Kxg7 27. Rg6+
Kf7 28. Rxh6 Ke7 29. Re1+ Kd7 30. Rh7+ 1-0

[Event "NB II. Szechenyi csoport"]
[Site "Aszar"]
[Date "2023.12.10"]
[Round "3.1"]
[White "Joo, Gabor"]
[Black "Sebestyen, Gabor"]
[Result "0-1"]
[WhiteElo "1976"]
[BlackElo "2180"]
[PlyCount "90"]
[EventDate "2023.10.08"]
[EventType "team-tourn"]
[EventRounds "9"]
[EventCountry "HUN"]
[Source "chess.hu"]
[WhiteTeam "Haladas VSE III."]
[BlackTeam "Sakkbaratok Kisber-Aszar I."]
[WhiteTeamCountry "HUN"]
[BlackTeamCountry "HUN"]

1. Nf3 d5 2. d4 Nf6 3. e3 e6 4. Bd3 c5 5. b3 Nc6 6. Bb2 b6 7. O-O Bb7 8. Nbd2
Bd6 9. c4 O-O 10. Rc1 Rc8 11. Ne5 cxd4 12. Nxc6 Rxc6 13. Bxd4 e5 14. Bb2 Qe7
15. cxd5 Rxc1 16. Qxc1 Nxd5 17. Qb1 g6 18. Nc4 Bb8 19. Be4 b5 20. Na5 Ba8 21.
Rd1 Rd8 22. Qd3 f5 23. Bxd5+ Rxd5 24. Qc2 Qb4 25. Qc8+ Kf7 26. Rf1 Qf8 27. Qc2
Qd6 28. Qc8 Qd8 29. Qa6 Rd1 30. Qxb5 Rxf1+ 31. Qxf1 Qxa5 32. Qc4+ Qd5 33. Qf1
Bd6 34. f3 Bc5 35. Qe2 Bc6 36. Kf1 Ba3 37. e4 Bb5 38. exd5 Bxe2+ 39. Kxe2 Bxb2
40. Kd3 Ke7 41. Kc4 Kd6 42. a4 e4 43. fxe4 fxe4 44. b4 e3 45. Kd3 Bd4 0-1

[Event "NB II. Szechenyi csoport"]
[Site "Aszar"]
[Date "2023.12.10"]
[Round "3.2"]
[White "Sarok, Peter"]
[Black "Gutmann, Alois"]
[Result "0-1"]
[WhiteElo "2047"]
[BlackElo "1953"]
[PlyCount "60"]
[EventDate "2023.10.08"]
[EventType "team-tourn"]
[EventRounds "9"]
[EventCountry "HUN"]
[Source "chess.hu"]
[WhiteTeam "Sakkbaratok Kisber-Aszar I."]
[BlackTeam "Haladas VSE III."]
[WhiteTeamCountry "HUN"]
[BlackTeamCountry "HUN"]

1. d4 e6 2. c4 b6 3. Nf3 Bb7 4. g3 f5 5. Bg2 Nf6 6. O-O Be7 7. Nc3 Ne4 8. Qd3
Nxc3 9. Qxc3 Bf6 10. h4 O-O 11. Rd1 Be4 12. Be3 Qe8 13. Rac1 d6 14. Qd2 Nd7 15.
b4 e5 16. c5 f4 17. gxf4 exd4 18. Bxd4 bxc5 19. Bxc5 Nxc5 20. bxc5 Qg6 21. Kf1
d5 22. c6 Qg4 23. Rc5 Rad8 24. Ra5 Be7 25. Ne1 Rxf4 26. Bxe4 dxe4 27. Qxd8+
Bxd8 28. Rxd8+ Kf7 29. Ng2 Qh3 30. e3 Rg4 0-1

[Event "NB II. Szechenyi csoport"]
[Site "Aszar"]
[Date "2023.12.10"]
[Round "3.3"]
[White "Horvath, Reka"]
[Black "Dekany, Lajos"]
[Result "1-0"]
[WhiteElo "1990"]
[BlackElo "1957"]
[PlyCount "29"]
[EventDate "2023.10.08"]
[EventType "team-tourn"]
[EventRounds "9"]
[EventCountry "HUN"]
[Source "chess.hu"]
[WhiteTeam "Haladas VSE III."]
[BlackTeam "Sakkbaratok Kisber-Aszar I."]
[WhiteTeamCountry "HUN"]
[BlackTeamCountry "HUN"]

1. Nf3 d5 2. g3 c5 3. Bg2 Nc6 4. d4 e6 5. O-O Nf6 6. c4 dxc4 7. Qa4 Bd7 8. Qxc4
b5 9. Qxb5 Nxd4 10. Qa6 Bb5 11. Qb7 Rb8 12. Qxa7 Nc2 13. Nc3 Bc6 14. Ne5 Bxg2
15. Qxf7# 1-0

[Event "NB II. Szechenyi csoport"]
[Site "Aszar"]
[Date "2023.12.10"]
[Round "3.4"]
[White "Salamon, Peter"]
[Black "Barasits, Balint"]
[Result "1/2-1/2"]
[WhiteElo "1955"]
[BlackElo "1898"]
[PlyCount "79"]
[EventDate "2023.10.08"]
[EventType "team-tourn"]
[EventRounds "9"]
[EventCountry "HUN"]
[Source "chess.hu"]
[WhiteTeam "Sakkbaratok Kisber-Aszar I."]
[BlackTeam "Haladas VSE III."]
[WhiteTeamCountry "HUN"]
[BlackTeamCountry "HUN"]

1. e4 e5 2. Nf3 Nf6 3. d3 Nc6 4. Bg5 h6 5. Bh4 Be7 6. Nc3 d5 7. Bxf6 Bxf6 8.
Nxd5 Be6 9. Nc3 g6 10. Qd2 a5 11. a3 Bg7 12. Be2 O-O 13. O-O f5 14. exf5 Rxf5
15. Ne4 Qe7 16. Rae1 Rd8 17. Qc3 h5 18. Qc5 Qxc5 19. Nxc5 Bd5 20. Nh4 Rf6 21.
c4 Bf7 22. Ne4 Re6 23. Nf3 Nd4 24. Nxd4 Rxd4 25. Ng5 Rb6 26. Nxf7 Kxf7 27. Rb1
Rb3 28. Rfd1 Ke7 29. f3 Bh6 30. Kf2 c6 31. Bf1 a4 32. g3 g5 33. Re1 Kf6 34.
Rec1 g4 35. Rc3 gxf3 36. Kxf3 e4+ 37. dxe4 Ke5 38. h3 Rxe4 39. Rxb3 axb3 40.
Rd1 1/2-1/2

[Event "NB II. Szechenyi csoport"]
[Site "Aszar"]
[Date "2023.12.10"]
[Round "3.5"]
[White "Soponyai, Andras"]
[Black "Gonczol, Gabor"]
[Result "1-0"]
[WhiteElo "1967"]
[BlackElo "1976"]
[PlyCount "107"]
[EventDate "2023.10.08"]
[EventType "team-tourn"]
[EventRounds "9"]
[EventCountry "HUN"]
[Source "chess.hu"]
[WhiteTeam "Haladas VSE III."]
[BlackTeam "Sakkbaratok Kisber-Aszar I."]
[WhiteTeamCountry "HUN"]
[BlackTeamCountry "HUN"]

1. e4 e5 2. Nf3 Nc6 3. Bc4 Bc5 4. c3 Nf6 5. d3 h6 6. b4 Bb6 7. O-O d6 8. h3 O-O
9. Re1 Be6 10. Qb3 Qd7 11. a4 a5 12. b5 Ne7 13. d4 Bxc4 14. Qxc4 Ng6 15. Nbd2
exd4 16. cxd4 d5 17. exd5 Qxd5 18. Qxd5 Nxd5 19. Nc4 Rfe8 20. Bd2 Ngf4 21. Nxb6
cxb6 22. Bxf4 Nxf4 23. Kf1 Rad8 24. Rxe8+ Rxe8 25. Rc1 Nd5 26. g3 f6 27. Nh4
Kh7 28. Nf5 Re6 29. Rc8 Kg6 30. g4 Kf7 31. Rd8 Nc3 32. Rd7+ Kf8 33. Nxg7 Re7
34. Rxe7 Kxe7 35. Nf5+ Ke6 36. Nxh6 Nxa4 37. Ke2 Nc3+ 38. Kd3 Nxb5 39. Nf5 Nc7
40. h4 a4 41. h5 Nd5 42. h6 Nf4+ 43. Ke4 Ng6 44. d5+ Kd7 45. Kd4 b5 46. Kc3 a3
47. Kb3 b4 48. h7 b6 49. f4 b5 50. g5 fxg5 51. fxg5 Ke8 52. Nh4 Nh8 53. g6 Kf8
54. d6 1-0

[Event "NB II. Szechenyi csoport"]
[Site "Aszar"]
[Date "2023.12.10"]
[Round "3.6"]
[White "Farkas, Ferenc"]
[Black "Bardics, Marko"]
[Result "1/2-1/2"]
[WhiteElo "1777"]
[BlackElo "1646"]
[PlyCount "47"]
[EventDate "2023.10.08"]
[EventType "team-tourn"]
[EventRounds "9"]
[EventCountry "HUN"]
[Source "chess.hu"]
[WhiteTeam "Sakkbaratok Kisber-Aszar I."]
[BlackTeam "Haladas VSE III."]
[WhiteTeamCountry "HUN"]
[BlackTeamCountry "HUN"]

1. d4 d5 2. c4 e6 3. Nc3 Nf6 4. e3 c6 5. Nf3 Nbd7 6. Bd3 Bd6 7. O-O O-O 8. b3
Re8 9. Bb2 e5 10. dxe5 Bxe5 11. Qc2 dxc4 12. Bxc4 b5 13. Be2 a6 14. Rfd1 Qe7
15. Nd4 Bxd4 16. Rxd4 c5 17. Nd5 Nxd5 18. Rxd5 Bb7 19. Rh5 g6 20. Qc3 f6 21.
Rh3 Qe5 22. Qc2 Qe4 23. Qxe4 Bxe4 24. Bf3 1/2-1/2

[Event "NB II. Szechenyi csoport"]
[Site "Aszar"]
[Date "2023.12.10"]
[Round "3.8"]
[White "Erdei, Lajos Jr"]
[Black "Pechy, Zoltan Peter"]
[Result "1-0"]
[WhiteElo "1913"]
[BlackElo "1621"]
[PlyCount "63"]
[EventDate "2023.10.08"]
[EventType "team-tourn"]
[EventRounds "9"]
[EventCountry "HUN"]
[Source "chess.hu"]
[WhiteTeam "Sakkbaratok Kisber-Aszar I."]
[BlackTeam "Haladas VSE III."]
[WhiteTeamCountry "HUN"]
[BlackTeamCountry "HUN"]

1. e4 c5 2. Nc3 Nc6 3. Bb5 e6 4. Bxc6 bxc6 5. d3 Nf6 6. f4 g6 7. Nf3 Bg7 8. O-O
Ba6 9. e5 Nd5 10. Ne4 f5 11. Nd6+ Kf8 12. c4 Ne7 13. Ng5 Qb6 14. Ngf7 Rg8 15.
Qe1 Nc8 16. Qf2 Nxd6 17. Nxd6 Bh8 18. Be3 Kg7 19. Bxc5 Qc7 20. b3 h6 21. Be3
Kh7 22. Qh4 Qd8 23. Qh3 Qf8 24. Rf3 g5 25. fxg5 Bxe5 26. Nxf5 Bxa1 27. Ne7 Bg7
28. Rxf8 Rgxf8 29. gxh6 Bf6 30. Qg4 Rg8 31. Qe4+ Kh8 32. Ng6+ 1-0

[Event "NB II. Szechenyi csoport"]
[Site "Aszar"]
[Date "2023.12.10"]
[Round "3.9"]
[White "Barasits, Tibor"]
[Black "Redl, Tibor"]
[Result "0-1"]
[WhiteElo "1604"]
[BlackElo "1889"]
[PlyCount "42"]
[EventDate "2023.10.08"]
[EventType "team-tourn"]
[EventRounds "9"]
[EventCountry "HUN"]
[Source "chess.hu"]
[WhiteTeam "Haladas VSE III."]
[BlackTeam "Sakkbaratok Kisber-Aszar I."]
[WhiteTeamCountry "HUN"]
[BlackTeamCountry "HUN"]

1. e4 e6 2. Nf3 d5 3. exd5 exd5 4. d4 h6 5. Be2 Bd6 6. b3 Ne7 7. Ba3 O-O 8.
Bxd6 Qxd6 9. O-O f5 10. Ne5 Nd7 11. Nxd7 Bxd7 12. c4 c6 13. Nc3 f4 14. cxd5
cxd5 15. Bg4 Bxg4 16. Qxg4 f3 17. gxf3 Rf4 18. Qg3 Nf5 19. Qh3 Nxd4 20. Qh5
Nxf3+ 21. Kh1 Rh4 0-1

[Event "NB II. Szechenyi csoport"]
[Site "Aszar"]
[Date "2023.12.10"]
[Round "3.10"]
[White "Malomsoki, Laszlo"]
[Black "Bolla, Zsofia"]
[Result "1-0"]
[WhiteElo "1654"]
[BlackElo "1254"]
[PlyCount "97"]
[EventDate "2023.10.08"]
[EventType "team-tourn"]
[EventRounds "9"]
[EventCountry "HUN"]
[Source "chess.hu"]
[WhiteTeam "Sakkbaratok Kisber-Aszar I."]
[BlackTeam "Haladas VSE III."]
[WhiteTeamCountry "HUN"]
[BlackTeamCountry "HUN"]

1. d4 d5 2. e3 Nf6 3. c4 e6 4. Nc3 Nbd7 5. Nf3 c6 6. Bd3 Qa5 7. O-O Bd6 8. Bd2
Qc7 9. Rc1 O-O 10. cxd5 exd5 11. Nb5 Qb8 12. Nxd6 Qxd6 13. a3 Re8 14. Qc2 h6
15. Bb4 Qc7 16. a4 Ne4 17. Nd2 Ndf6 18. f3 Nxd2 19. Qxd2 a5 20. Ba3 b6 21. Rfe1
Qd7 22. Qc2 Bb7 23. Bf5 Qc7 24. Qf2 Rad8 25. Bb1 Qd7 26. b3 Kh8 27. Bb2 Re7 28.
e4 dxe4 29. fxe4 Rde8 30. e5 Nd5 31. Qc2 g6 32. Qf2 Kg7 33. Rf1 Ba6 34. Rfe1
Re6 35. Rcd1 Qe7 36. h4 h5 37. Qg3 Qb4 38. Be4 Ne7 39. Re3 Ng8 40. d5 cxd5 41.
Bxd5 R6e7 42. e6+ f6 43. Be4 Rxe6 44. Qxg6+ Kf8 45. Rd7 R8e7 46. Rd8+ Re8 47.
Rxe8+ Rxe8 48. Bd5 Rxe3 49. Qf7# 1-0

[Event "NB II. Szechenyi csoport"]
[Site "Aszar"]
[Date "2023.12.10"]
[Round "3.11"]
[White "Porpaczy, Barnabas"]
[Black "Sarok, Peter Jr"]
[Result "0-1"]
[WhiteElo "1221"]
[BlackElo "1515"]
[PlyCount "70"]
[EventDate "2023.10.08"]
[EventType "team-tourn"]
[EventRounds "9"]
[EventCountry "HUN"]
[Source "chess.hu"]
[WhiteTeam "Haladas VSE III."]
[BlackTeam "Sakkbaratok Kisber-Aszar I."]
[WhiteTeamCountry "HUN"]
[BlackTeamCountry "HUN"]

1. Nf3 d5 2. d4 Nf6 3. c4 c6 4. Nc3 Bf5 5. Bf4 e6 6. e3 Bd6 7. Be5 O-O 8. Bd3
Bxd3 9. Qxd3 Bxe5 10. dxe5 Nfd7 11. O-O Qc7 12. Ng5 g6 13. f4 Nb6 14. e4 h6 15.
c5 hxg5 16. cxb6 Qxb6+ 17. Kh1 gxf4 18. Rxf4 Nd7 19. Qh3 Kg7 20. Rh4 Rh8 21.
Rf1 Nxe5 22. Qg3 Nc4 23. Rxh8 Rxh8 24. Qf4 Rf8 25. b3 Qe3 26. Qf6+ Kg8 27. h4
Nd2 28. Nd1 Qxe4 29. Rf4 Qe1+ 30. Kh2 Qxd1 31. h5 Ne4 32. Rf1 Qxh5+ 33. Kg1
Nxf6 34. Rxf6 d4 35. Rf3 Rd8 0-1

[Event "NB II. Szechenyi csoport"]
[Site "Aszar"]
[Date "2023.12.10"]
[Round "3.12"]
[White "Balazsi-Schmidt, Csaba"]
[Black "Lovasi, Boldizsar"]
[Result "1-0"]
[WhiteElo "1450"]
[BlackElo "1093"]
[PlyCount "143"]
[EventDate "2023.10.08"]
[EventType "team-tourn"]
[EventRounds "9"]
[EventCountry "HUN"]
[Source "chess.hu"]
[WhiteTeam "Sakkbaratok Kisber-Aszar I."]
[BlackTeam "Haladas VSE III."]
[WhiteTeamCountry "HUN"]
[BlackTeamCountry "HUN"]

1. e4 c5 2. Nf3 Nc6 3. d4 cxd4 4. Nxd4 Nf6 5. Nc3 e5 6. Nf3 Bb4 7. Bd3 h6 8.
Bd2 O-O 9. O-O d6 10. h3 Be6 11. a3 Ba5 12. Qe2 Rc8 13. Rad1 Qe7 14. Bb5 Rfd8
15. Nd5 Bxd5 16. exd5 Bxd2 17. dxc6 bxc6 18. Ba6 Rb8 19. Qxd2 Rxb2 20. Qc3 Rb6
21. Bc4 d5 22. Bb3 e4 23. Nd4 c5 24. Nf5 Qe6 25. Ne3 c4 26. Ba2 Qe7 27. Qd4
Rbb8 28. a4 a5 29. Rb1 Rb4 30. Rfd1 Rxa4 31. Bb3 Rb4 32. Ba2 Ra4 33. Ra1 Rb4
34. c3 Rbb8 35. Bb1 Ra8 36. Bc2 Qd7 37. Ba4 Qe6 38. Rab1 Rab8 39. Rxb8 Rxb8 40.
Nxd5 Qxd5 41. Qxd5 Nxd5 42. Rxd5 g6 43. Rxa5 Rb1+ 44. Kh2 Rc1 45. Re5 f5 46.
Rc5 Rxc3 47. Rxc4 Rxc4 48. Bb3 Kg7 49. Bxc4 Kf6 50. Kg3 Ke5 51. h4 g5 52. Be2
Kf6 53. f4 exf3 54. gxf3 Ke5 55. Bd3 gxh4+ 56. Kxh4 Kf4 57. Be2 Ke3 58. Bd1 Kf4
59. Kh5 Ke5 60. Kxh6 Kf6 61. Kh5 Ke5 62. Kg5 f4 63. Bc2 Ke6 64. Kxf4 Kf6 65.
Bb3 Ke7 66. Kf5 Ke8 67. Kf6 Kf8 68. f4 Ke8 69. f5 Kf8 70. Ba4 Kg8 71. Ke7 Kg7
72. f6+ 1-0

[Event "NB II. Szechenyi csoport"]
[Site "Keszthely"]
[Date "2023.12.10"]
[Round "3.1"]
[White "Kolimar, Kristof Pal"]
[Black "Pinterne, Kovacs Marta"]
[Result "1-0"]
[WhiteElo "2298"]
[BlackElo "2075"]
[PlyCount "113"]
[EventDate "2023.10.08"]
[EventType "team-tourn"]
[EventRounds "9"]
[EventCountry "HUN"]
[Source "chess.hu"]
[WhiteTeam "Sentimento Ajka BSK "]
[BlackTeam "Spartacus Sportkor"]
[WhiteTeamCountry "HUN"]
[BlackTeamCountry "HUN"]

1. d4 d5 2. c4 e6 3. Nc3 f5 4. Nf3 Nf6 5. Bf4 Bd6 6. e3 Bxf4 7. exf4 dxc4 8.
Bxc4 Nd5 9. Bxd5 exd5 10. Ne5 O-O 11. Qb3 c6 12. O-O-O Qd6 13. Rhe1 b6 14. Re3
Nd7 15. Qa4 b5 16. Qc2 Nb6 17. Ne2 Nc4 18. Rc3 Bd7 19. b3 Na3 20. Qd3 b4 21.
Rc5 Nb5 22. Kd2 a5 23. Rdc1 Ra6 24. Ke1 Rf6 25. f3 Be8 26. Kf2 Qe7 27. Ng3 g6
28. Qd2 Re6 29. Kg1 Nc3 30. a4 h5 31. Ne2 Nxe2+ 32. Qxe2 Ra7 33. Qd2 Qf6 34.
Re1 h4 35. Qf2 g5 36. Qe3 Rg7 37. fxg5 Rxg5 38. Ng4 fxg4 39. Qxe6+ Qxe6 40.
Rxe6 Bf7 41. Re5 Rg6 42. f4 Rf6 43. g3 Bg6 44. Rxa5 Bc2 45. Ra8+ Kf7 46. Rb8
hxg3 47. hxg3 Bxb3 48. Rxb4 Bd1 49. Rb7+ Kg6 50. a5 c5 51. dxc5 Bf3 52. Rb6 d4
53. Ree6 Rxe6 54. Rxe6+ Kf5 55. Rd6 Ke4 56. c6 Ke3 57. c7 1-0

[Event "NB II. Szechenyi csoport"]
[Site "Keszthely"]
[Date "2023.12.10"]
[Round "3.2"]
[White "Rezsek, Gyozo"]
[Black "Szelenyi, Norbert"]
[Result "0-1"]
[WhiteElo "2006"]
[BlackElo "2255"]
[PlyCount "90"]
[EventDate "2023.10.08"]
[EventType "team-tourn"]
[EventRounds "9"]
[EventCountry "HUN"]
[Source "chess.hu"]
[WhiteTeam "Spartacus Sportkor"]
[BlackTeam "Sentimento Ajka BSK "]
[WhiteTeamCountry "HUN"]
[BlackTeamCountry "HUN"]

1. d4 e6 2. Nf3 c5 3. e4 cxd4 4. Nxd4 a6 5. Nc3 b5 6. Bd3 Qb6 7. Nb3 Qc7 8. O-O
Bb7 9. f4 d6 10. Qe2 Nd7 11. a4 b4 12. Na2 Ngf6 13. Nxb4 Qb6+ 14. Be3 Qxb4 15.
c3 Qxb3 16. Bc4 Qxc4 17. Qxc4 Bxe4 18. b4 Be7 19. a5 O-O 20. Bd2 Rfc8 21. Qe2
Bd5 22. Rfc1 Bc4 23. Qf3 d5 24. g4 Rc6 25. Be1 Rac8 26. Bh4 Bb5 27. Rab1 Rc4
28. g5 Ne4 29. Be1 g6 30. Qd1 Bd6 31. Qf3 Bxb4 32. Rxb4 Rxb4 33. cxb4 Rxc1 34.
Qe3 Rc2 35. Bg3 Rc3 36. Qa7 Nxg3 37. hxg3 Rxg3+ 38. Kf2 Rb3 39. Qd4 Rd3 40. Qb2
Nb8 41. f5 gxf5 42. Qe5 Nc6 43. Qc7 d4 44. Qd7 Rf3+ 45. Kg2 Rf4 0-1

[Event "NB II. Szechenyi csoport"]
[Site "Keszthely"]
[Date "2023.12.10"]
[Round "3.3"]
[White "Kosztolanczi, Gyula"]
[Black "Rozsa, Peter"]
[Result "1-0"]
[WhiteElo "2051"]
[BlackElo "2062"]
[PlyCount "149"]
[EventDate "2023.10.08"]
[EventType "team-tourn"]
[EventRounds "9"]
[EventCountry "HUN"]
[Source "chess.hu"]
[WhiteTeam "Sentimento Ajka BSK "]
[BlackTeam "Spartacus Sportkor"]
[WhiteTeamCountry "HUN"]
[BlackTeamCountry "HUN"]

1. e4 g6 2. d4 c6 3. Nc3 d5 4. Nf3 Bg7 5. h3 dxe4 6. Nxe4 Nd7 7. Bc4 Ngf6 8.
Nfg5 O-O 9. c3 Nxe4 10. Nxe4 Nb6 11. Bb3 Nd5 12. O-O a5 13. Bg5 h6 14. Bh4 g5
15. Bg3 f5 16. Nd2 f4 17. Bh2 Bf5 18. Re1 Qd7 19. Nc4 a4 20. Nb6 Qd8 21. Bxd5+
cxd5 22. Nxa8 Qxa8 23. Rxe7 Rc8 24. Qh5 Rf8 25. Rae1 Qa6 26. Re8 a3 27. Rxf8+
Bxf8 28. bxa3 Qd3 29. Qf3 Qxf3 30. gxf3 Kf7 31. h4 Bd6 32. hxg5 hxg5 33. a4 b6
34. Re2 Bc7 35. Rb2 Ke7 36. Kf1 Kd6 37. Ke2 Kc6 38. Rb5 Bd8 39. c4 Be6 40.
cxd5+ Bxd5 41. Rb2 Bc4+ 42. Kd2 Kd5 43. a5 b5 44. a6 Bb6 45. Rb1 Kc6 46. Kc3
Ba5+ 47. Kb2 Bb6 48. Rd1 b4 49. a4 bxa3+ 50. Kxa3 Bxa6 51. d5+ Kd6 52. Rg1 Bd8
53. Bxf4+ gxf4 54. Rg6+ Kxd5 55. Rxa6 Bh4 56. Ra4 Ke5 57. Re4+ Kf5 58. Re2 Bd8
59. Kb3 Bh4 60. Kc4 Bd8 61. Kd5 Bf6 62. Re8 Bh4 63. Rf8+ Kg5 64. Rg8+ Kf5 65.
Rg2 Bd8 66. Rh2 Bb6 67. Kc4 Ba7 68. Kd3 Bb6 69. Ke2 Bd8 70. Rh5+ Bg5 71. Kd3
Kg6 72. Rxg5+ Kxg5 73. Ke4 Kg6 74. Kxf4 Kf6 75. Kg4 1-0

[Event "NB II. Szechenyi csoport"]
[Site "Keszthely"]
[Date "2023.12.10"]
[Round "3.4"]
[White "Szakaly, Laszlo"]
[Black "Kishazi, Istvan"]
[Result "0-1"]
[WhiteElo "1872"]
[BlackElo "1920"]
[PlyCount "66"]
[EventDate "2023.10.08"]
[EventType "team-tourn"]
[EventRounds "9"]
[EventCountry "HUN"]
[Source "chess.hu"]
[WhiteTeam "Spartacus Sportkor"]
[BlackTeam "Sentimento Ajka BSK "]
[WhiteTeamCountry "HUN"]
[BlackTeamCountry "HUN"]

1. e4 c5 2. Nf3 Nc6 3. d4 e6 4. Nc3 cxd4 5. Nxd4 a6 6. Be3 Bb4 7. Bd3 Qa5 8.
O-O Nf6 9. Nxc6 bxc6 10. f4 Bb7 11. Kh1 h5 12. a3 Be7 13. b4 Qc7 14. Na4 c5 15.
Bxc5 Nxe4 16. Bxe4 Bxe4 17. Qe2 Bc6 18. Nc3 Qb7 19. Bxe7 Kxe7 20. Rad1 Rag8 21.
f5 f6 22. fxe6 dxe6 23. Rf2 h4 24. h3 g5 25. Qe3 Kf7 26. Rdf1 Rg6 27. Ne2 Re8
28. Nd4 Bd5 29. Qe2 g4 30. c4 Bxg2+ 31. Rxg2 gxh3 32. Rxf6+ Kxf6 33. Qf2+ Kg7
0-1